1565 1623 1507 1512 1146 1457 1943 1467 1343 1222 1954 1793 1371 1754 1870 1066 1720 1502 1375 1805 1719 1621 1493 1010 1205 1229 1564 1616 1321 1761 1456 1626 1516 1402 1141 1413 1467 1521 1121 1796 1764 1486 1047 1263 1471 1561 1850 1102 1313 1257 1711 1314 1704 1138 1365 1152 1960 1456 1740 1377 1743 1137 1123 1959 1744 1891 1886 1633 1039 1414 1705 1534 1205 1672 1709 1155 1987 1045 1532 1547 1219 1731 1643 1695 1134 1087 1676 1504 1611 1826 1225 1772 1273 1322 1821 1081 1306 1146 1175 BCNSPRNW ULIB Ver.6.0+V

เปลี่ยนเป็นภาษาไทย

Change to English
 แสดงรายละเอียดบรรณานุกรม
  กลับหน้าหลัก

Brief Record : Get Marc (ISO 2709) : E-mail record : QR code < ปิดหน้าต่าง
LEADER : 00000nam 2200000uu 4500
001    13399115215
003     ULIB
008    120731s2552||||th 000 0 tha d
020    ^a9786167007106
090    ^aรส^bฟ724บ 2552
100 0  ^aเฟื่องฝน
245 00 ^aบันทึกวุ่นเฮฮา คุณหนูพยาบาลจอมจุ้น/^cเฟื่องฝน
260    ^aกรุงเทพฯ:^bอนิศ พับลิชชิ่ง จำกัด
300    ^a170 หน้า
945    ^p0^l0^i17660
995    ^aกัณชพร
999    ^aใช้งานได้ทุกระบบ
รายการนี้ยังไม่มีแท็ก
คุณยังไม่ได้ล็อกอิน คุณสามารถมีกิจกรรมร่วมกับเว็บไซต์ได้ แต่ต้องล็อกอินก่อน ::
  ล็อกอิน

รายการสื่อสารสนเทศ

ลำดับที่ ประเภท เลขเรียก/บาร์โค้ด สถานที่ สถานะ
1. วิทยาศาสตร์การแพทย์ และสุขภาพ
วิทยาศาสตร์การแพทย์ และสุขภาพ
รส ฟ724บ 2552  
  Barcode: 17660
ห้องสมุดวิทยาเขตสวรรค์ประชารักษ์
►นวนิยาย
บนชั้น
  ขอยืม

รายการใกล้เคียง
    ผู้แต่ง [เฟื่องฝน]

BibComment


ยังไม่เคยถูกคอมเมนท์

คอมเมนท์ทรัพยากรรายการนี้
  คอมเมนท์: บันทึกวุ่นเฮฮา ค..


 Copyright 2026. Bcnsprnw @Library